Cities by Other Cities in Urban Area Quiz - Statistics

General Stats
  • This quiz has been taken 142 times
  • The average score is 17 of 20
Answer Stats
Other Cities Population City % Correct
Chiba, Kawasaki, Saitama, Yokohama 40.40 mil Tokyo
100%
Bridgeport, Newark, New Haven 22.10 mil New York City
97%
Changzhou, Suzhou, Wuxi 33.60 mil Shanghai
95%
Westminster, Kensington, Chelsea 14.80 mil London
94%
Giza, Shubra El Kheima 21.00 mil Cairo
91%
Fort Worth, Plano 7.20 mil Dallas
91%
East Rand, Evaton, Pretoria 13.90 mil Johannesburg
91%
Himeji, Kobe, Kyoto, Sakai 17.70 mil Osaka
91%
Anaheim, Riverside 17.70 mil Los Angeles
88%
Dongguan, Foshan, Shenzhen 46.70 mil Guangzhou
87%
Concord, Oakland, San Jose, Santa Rosa 7.85 mil San Francisco
87%
Nezahualcóyotl, Ecatepec, Naucalpan 23.00 mil Mexico City
86%
Kalookan, Quezon City 25.70 mil Manila
85%
Fort Lauderdale, West Palm Beach 6.40 mil Miami
83%
Faridabad, Ghaziabad, Gurgaon 30.30 mil Delhi
81%
Hamilton, Mississauga 7.45 mil Toronto
72%
Kowloon, Victoria 7.50 mil Hong Kong
69%
Bekasi, Bogor, Tangerang 31.30 mil Jakarta
69%
Guarulhos 22.40 mil São Paulo
67%
Taoyuan, Xinbei 9.15 mil Taipei
51%
No matching quizzes found
Score Distribution
Percent of People with Each Score
Percentile by Number Answered
Your Score History
You have not taken this quiz